Overlapping Option Trivia II Quiz Stats

 Plays Quiz Updated Feb 9, 2015

Challenge
Share
Tweet
Embed
Score 0/20 Timer 03:00
1 Play Today
% Correct
Tuesday
94.6%
Six
93.1%
Wednesday
92.8%
Ryder
92.7%
Fraggles
91.2%
Friday
88.8%
Day
87%
Knight
84%
D
82.6%
Bones
82.3%
% Correct
Castle
80.6%
S
79.5%
Night
79.4%
Lion
78.5%
Five
73.5%
W
72.6%
Y
69.6%
One
64.9%
Tiger
61.4%
Four
59.6%

You're not logged in!

Compare scores with friends on all Sporcle quizzes.
Join for Free
OR
Log In

You Might Also Like...

Show Comments

Extras

Top Quizzes Today


Score Distribution

Your Account Isn't Verified!

In order to create a playlist on Sporcle, you need to verify the email address you used during registration. Go to your Sporcle Settings to finish the process.

Report this User

Report this user for behavior that violates our Community Guidelines.

Details: